Reed's engineering knowledge instruments & control systems for deck officers (Record no. 2674)

000 -LEADER
fixed length control field 01306nam a2200241Ia 4500
008 - FIXED-LENGTH DATA ELEMENTS--GENERAL INFORMATION
fixed length control field 200103s 2009 ||||xx |||||||||||||| ||und||
020 ## - INTERNATIONAL STANDARD BOOK NUMBER
International Standard Book Number 9781408112113
082 ## - DEWEY DECIMAL CLASSIFICATION NUMBER
Classification number 623.87
Item number EMB
100 ## - MAIN ENTRY--PERSONAL NAME
Personal name Embleton, William
245 #0 - TITLE STATEMENT
Title Reed's engineering knowledge instruments & control systems for deck officers
250 ## - EDITION STATEMENT
Edition statement 5th
260 ## - PUBLICATION, DISTRIBUTION, ETC. (IMPRINT)
Name of publisher, distributor, etc Adlard Coles Nautical
Date of publication, distribution, etc 2009
Place of publication, distribution, etc London
300 ## - PHYSICAL DESCRIPTION
Extent 240 p.: ill.
504 ## - BIBLIOGRAPHY, ETC. NOTE
Bibliography, etc Includes selection of questions on calculations, solutions to calculations and index
520 ## - SUMMARY, ETC.
Summary, etc This book presents the principles covered by the DoT examination papers in Engineering Knowledge, Instruments and Control Systems for Masters (foreign-going). It also briefly revises the General Physics for Second Mate syllabus which is included in the Master's examination. Although intended primarily for Masters, it will provide all deck and engineering officers and cadets with an understanding of basic engineering and control systems used on merchant vessels. It covers most of the BTEC requirements, as well as the National Diploma in Maritime Technology.
650 ## - SUBJECT ADDED ENTRY--TOPICAL TERM
Topical term or geographic name as entry element Properties of gases
650 ## - SUBJECT ADDED ENTRY--TOPICAL TERM
Topical term or geographic name as entry element Marine Boilers
650 ## - SUBJECT ADDED ENTRY--TOPICAL TERM
Topical term or geographic name as entry element Turbines
650 ## - SUBJECT ADDED ENTRY--TOPICAL TERM
Topical term or geographic name as entry element Pumps and auxiliaries
650 ## - SUBJECT ADDED ENTRY--TOPICAL TERM
Topical term or geographic name as entry element Refrigeration
700 ## - ADDED ENTRY--PERSONAL NAME
Personal name Morton, Thomas D.
Relator term Co-author
942 ## - ADDED ENTRY ELEMENTS (KOHA)
Item type Books
Holdings
Withdrawn status Lost status Source of classification or shelving scheme Damaged status Not for loan Collection code Permanent location Current location Shelving location Date acquired Full call number Barcode Date last seen Koha item type Public note
          Non-fiction IMU-MPC Library IMU-MPC Library General Stacks 2020-01-08 623.87 EMB LBS13288 2025-03-17 Books Column - 1
          Non-fiction IMU-MPC Library IMU-MPC Library General Stacks 2020-01-08 623.87 EMB LBS13289 2025-03-17 Books Column - 1
Copyright © 2021 Indian Maritime University, Mumbai Port Campus. All Rights Reserved. Managed & Maintained by Central Library, IMU-Mumbai

webs counters

Powered by Koha